| 000 | 006220000a22001930004500 | ||
|---|---|---|---|
| 090 |
_aAR _b03921 |
||
| 245 | 1 | 0 | _aGlobal strategy for dealing with alien invasive species |
| 300 | _a407-418 | ||
| 500 | _a<Colección Recursos Genéticos> | ||
| 650 | 1 | 4 |
_aEspecies invasoras _9308 |
| 650 | 1 | 4 |
_aRiesgo ambiental _913332 |
| 650 | 1 | 4 |
_aImpacto económico _914927 |
| 650 | 1 | 4 |
_aEcología _992250 |
| 041 | 0 | _aInglés | |
| 100 | 1 |
_aMooney, Harold A. _987 |
|
| 260 |
_bKluwer Academic Publishers _c1999 |
||
| 942 | _cARTICULO | ||
| 773 | 1 | _tIn Sandlund, O.; Schei, P.; Viken, A. eds./ Invasive species and biodiversity management | |
| 999 |
_c12955 _d12955 |
||